| 000 | 00308 a2200133 4500 | ||
|---|---|---|---|
| 001 | 89081 | ||
| 082 | _aPR 808 | ||
| 090 |
_c42029 _d42029 |
||
| 100 | _aSalahuddin | ||
| 245 | _aPerformance estimation of F-16 | ||
| 260 |
_aKarachi _bNED _c1982 |
||
| 300 |
_a145p. _eKhalid Khan |
||
| 500 | _aBE Project Reports | ||
| 942 |
_aCAE NUST _kPR 808 |
||
| 999 |
_c324154 _d324154 |
||